Fall in activity is blamed on restrictions (Record no. 118070)
[ view plain ]
| 000 -LEADER | |
|---|---|
| fixed length control field | 01224cam a2200229 4500 |
| 001 - CONTROL NUMBER | |
| control field | WB4037-14 |
| 008 - FIXED-LENGTH DATA ELEMENTS--GENERAL INFORMATION | |
| fixed length control field | 040928n2004 000 0 eng u |
| 035 ## - SYSTEM CONTROL NUMBER | |
| System control number | (Sirsi) u127542 |
| 245 ## - TITLE STATEMENT | |
| Title | Fall in activity is blamed on restrictions |
| 260 ## - PUBLICATION, DISTRIBUTION, ETC. | |
| Date of publication, distribution, etc. | 2004 |
| 490 ## - SERIES STATEMENT | |
| Series statement | Planning (for the Natural and Built Environment) |
| Volume/sequential designation | 24 September 2004 1(1) |
| 520 ## - SUMMARY, ETC. | |
| Summary, etc. | Research by the Cass Business School and the University of Sheffield suggests that restrictive planning regimes have a direct and detrimental economic effect on business. Local economic activity would be reduced by 3.8% if a local authority was to tighten their planning regime by just 10% in relation to industrial property. The research looked at three different areas of business and found that industrial business showed least loyalty to a town and were the most likely to move under tightening planning regimes. For the Cass Business School press release: http://www.cass.city.ac.uk/media/stories/story_2_2 6_41925.html |
| 590 ## - LOCAL NOTE (RLIN) | |
| Local note | WB |
| 590 ## - LOCAL NOTE (RLIN) | |
| Local note | WB |
| 650 ## - SUBJECT ADDED ENTRY--TOPICAL TERM | |
| Topical term or geographic name entry element | CASS BUSINESS SCHOOL |
| 650 ## - SUBJECT ADDED ENTRY--TOPICAL TERM | |
| Topical term or geographic name entry element | PLANNING REGULATIONS |
| 650 ## - SUBJECT ADDED ENTRY--TOPICAL TERM | |
| Topical term or geographic name entry element | LOCAL AUTHORITY |
| 650 ## - SUBJECT ADDED ENTRY--TOPICAL TERM | |
| Topical term or geographic name entry element | ECONOMIC ACTIVITY |
| 650 ## - SUBJECT ADDED ENTRY--TOPICAL TERM | |
| Topical term or geographic name entry element | RENTAL COSTS |
| 690 ## - LOCAL SUBJECT ADDED ENTRY--TOPICAL TERM (OCLC, RLIN) | |
| Topical term or geographic name as entry element | PLANNING |
| 942 ## - ADDED ENTRY ELEMENTS (KOHA) | |
| Suppress in OPAC | 0 |
| Withdrawn status | Lost status | Source of classification or shelving scheme | Damaged status | Not for loan | Home library | Current library | Shelving location | Date acquired | Total Checkouts | Full call number | Barcode | Date last seen | Copy number | Price effective from | Koha item type |
|---|---|---|---|---|---|---|---|---|---|---|---|---|---|---|---|
| Dewey Decimal Classification | London | London | News article | 28/09/2004 | WB4037-14 | 127542-1001 | 06/08/2019 | 1 | 06/08/2019 | News article |